000 00934 a2200217 4500
999 _c6905
_d6905
005 20181102144313.0
010 _aHIN-80691 B-240912 B-240919
020 _a8171381146
_c150.00
035 _aHN-53037, B-240910 B-240912 B-240919
037 _bD.B.Act / pub
082 _a
100 _aरमाकांत
245 _aचर्चित कहानियाँ
_cरमाकांत
246 _aCharchit Kahaniyan
_bby Ramakant
260 _aनई दिल्ली
_bसामयिक प्रकाशन
_c2007
270 _a3320-21, जटवाड़ा, नेताजी सुभाष मार्ग दरियागंज
_bनई दिल्ली
_e110002
300 _a144पृ
_c22 सेमी (सजिल्द)
650 _aहिन्दी कहानियाँ
650 _aHindi Stories
942 _adpl
_cHN
_kक / रमाकां
_2ddc
_h
_m रमाकां